书目信息 |
| 题名: |
电子文件管理理论与实践
|
|
| 作者: | 刘家真 主编 | |
| 分册: | ||
| 出版信息: | 北京 科学出版社 2003.08 |
|
| 页数: | 353页 | |
| 开本: | 24cm | |
| 丛书名: | ||
| 单 册: | ||
| 中图分类: | G276 | |
| 科图分类: | ||
| 主题词: | 电子文件--档案管理 , 电子文件 , 档案管理 | |
| 电子资源: | ||
| ISBN: | 7-03-011603-8 | |
| 000 | 00855nam0 2200265 45 | |
| 001 | 012003000000 | |
| 005 | 20050113144142.81 | |
| 010 | @a7-03-011603-8@dCNY 36.00 | |
| 100 | @a20031011d2003 ekmy0chiy0121 ea | |
| 101 | 0 | @achi |
| 102 | @aCN@b110000 | |
| 105 | @aak z 000yy | |
| 200 | 1 | @a电子文件管理理论与实践@Adian zi wen jian guan li li lun yu shi jian@f刘家真主编 |
| 210 | @a北京@c科学出版社@d2003.08 | |
| 215 | @a353页@c图, 表格@d24cm@e附光盘1片 | |
| 300 | @a普通高等教育“十五”国家级规划教材 | |
| 307 | @a附光盘: 7-900122-76-1/TP·47 | |
| 330 | @a本书着重论述如何从实践上维护电子文件的真实与完整、如何保证电子文件的信息安全等。 | |
| 606 | 0 | @a电子文件@x档案管理 |
| 606 | 0 | @a电子文件 |
| 606 | 0 | @a档案管理 |
| 690 | @aG276@v4 | |
| 701 | 0 | @a刘家真@Aliu jia zhen@4主编 |
| 801 | 0 | @aCN@bQSSKw3@c20050113 |
| 905 | @a10447@dG276@eL630 | |
| 电子文件管理理论与实践/刘家真主编.-北京:科学出版社,2003.08 |
| 353页:图, 表格;24cm+附光盘1片 |
| 普通高等教育“十五”国家级规划教材 |
| ISBN 7-03-011603-8:CNY 36.00 |
| 本书着重论述如何从实践上维护电子文件的真实与完整、如何保证电子文件的信息安全等。 |
| ● |
| 相关链接 |
|
|
|
正题名:电子文件管理理论与实践
索取号:G276/L630
 
预约/预借
| 序号 | 登录号 | 条形码 | 馆藏地/架位号 | 状态 | 备注 |
| 1 | 436880 | 204368807 | 社科库409/409社科库 60排4列5层/ [索取号:G276/L630] | 在馆 | |
| 2 | 436881 | 204368816 | 社科库409/409社科库 60排4列5层/ [索取号:G276/L630] | 在馆 |